| 000 | 00949nam a2200241 i 4500 | ||
|---|---|---|---|
| 001 | 7030 | ||
| 003 | ES-MaACL | ||
| 005 | 20250804011337.0 | ||
| 007 | t| | ||
| 008 | 900723s1990 sp ||||1| spa d | ||
| 020 | _a84-206-0443-7 | ||
| 080 | _a9(8.03)"15" | ||
| 100 | 1 |
_aSuárez de Peralta, Juan. _9108608 |
|
| 245 | 1 | 0 |
_aTratado del descubrimiento de las Yndias y su conquista _b: (transcripción del manuscrito de 1589) / _cJuan Suárez de Peralta ; edición, estudio preliminar y notas de Giorgio Perissinotto. |
| 260 |
_aMadrid : _bAlianza, _cD.L. 1990. |
||
| 300 |
_a268 p. ; _c18 cm. |
||
| 490 | 1 |
_alibro de bolsillo ; _v1443. _aSección clásicos |
|
| 651 | 4 |
_aMéxico- _xHistoria- _y1517-1521, Descubrimiento y conquista. _9136484 |
|
| 700 | 1 |
_aPerissinotto, Giorgio. _991281 |
|
| 830 | 0 | 3 |
_aEl libro de bolsillo. _pClásicos _v1443. _9179723 |
| 852 |
_aES-MaACL _jL-14186 _bR.118209 _z. - rust. |
||
| 999 |
_c7030 _d7030 |
||